All core Skylanders from Swap Force - Statistics

General Stats
  • This quiz has been taken 19 times
    17 since last reset
  • The average score is 18 of 31
Answer Stats
Hint Answers % Correct
Water Rip Tide
100%
Fire Fryno
91%
Water Punk Shock
91%
Fire Smolderdash
82%
Fire (chase variant) Snowderdash
73%
Tech Countdown
64%
Water (chase variant) Green Rip Tide
64%
Undead Grim Creeper
64%
Undead (variant) Legendary lightcore Grim Creeper
64%
Undead Lightcore Grim Creeper
64%
Undead Roller Brawl
64%
Earth Scorp
64%
Air Scratch
64%
Tech Wind Up
64%
Magic Dune Bug
55%
Fire Lightcore Smolderdash
55%
Air Pop Thorn
55%
Earth Slobber Tooth
55%
Earth (variant) Slobber Tooth
55%
Magic Star Strick
55%
Life Bumble Blast
45%
Magic (Variant) Enchanted Star Strike
45%
Life (variant) Jolly Bumble Blast
45%
Tech (variant) Kickoff Countdown
45%
Life (Variant) Legendary Zoo Lou
45%
Life Lightcore Bumble Blast
45%
Tech Lightcore Countdown
45%
Magic Lightcore starstrike
45%
Life Zoo Lou
45%
Earth (Chase variant) Green Scorp
36%
Magic (chase variant) Metallic Red Dune Bug
27%
No matching quizzes found
Score Distribution
Percent of People with Each Score
Percentile by Number Answered
Your Score History
You have not taken this quiz since the last reset